Statistiken für Länder, die nach Bevölkerung den Bundesländern Österreichs entsprechen

Klicken Sie hier um das Quiz zu spielen!

Allgemein

  • Dieses Quiz wurde 84 mal gespielt
  • Das Durchschnittsergebnis liegt bei 6 aus 9

Antworten auf der Karte

Die Antworten werden auf der Karte rot bzw. grün angezeigt, abhängig davon wie oft sie richtig erraten wurden.
 

Antwortstatistiken

BundeslandLand% Korrekt
TirolBhutan
96%
WienLettland
90%
VorarlbergBahamas
79%
SalzburgKap Verde
74%
SteiermarkMauritius
73%
OberösterreichÄquatorialguinea
66%
KärntenSuriname
63%
NiederösterreichGuinea-Bissau
62%
BurgenlandVanuatu
47%

Verteilung der Resultate

Perzentil nach korrekt beantworteten Fragen

Anzahl Personen mit jedem Resultat

Ihre Resultats-Entwicklung

Sie haben dieses Quiz noch nicht gespielt